Textbook of Nursing Foundation (Record no. 158237)

MARC details
000 -LEADER
fixed length control field 00391nam a2200145Ia 4500
008 - FIXED-LENGTH DATA ELEMENTS--GENERAL INFORMATION
fixed length control field 230411s9999 xx 000 0 und d
020 ## - INTERNATIONAL STANDARD BOOK NUMBER
International Standard Book Number 978-93-85891-54-0
041 ## - LANGUAGE CODE
Language code of text/sound track or separate title eng
082 ## - DEWEY DECIMAL CLASSIFICATION NUMBER
Classification number F/610.73/CLE/B08617
100 ## - MAIN ENTRY--PERSONAL NAME
Personal name Clement I
9 (RLIN) 119826
245 ## - TITLE STATEMENT
Title Textbook of Nursing Foundation
260 ## - PUBLICATION, DISTRIBUTION, ETC. (IMPRINT)
Name of publisher, distributor, etc. Jaico Publishing House
Place of publication, distribution, etc. New Delhi
Date of publication, distribution, etc. 2017
300 ## - PHYSICAL DESCRIPTION
Extent 998p
Holdings
Withdrawn status Lost status Damaged status Not for loan Collection code Home library Current library Date acquired Vendor Cost, normal purchase price Bill number Shelving control number Total Checkouts Total Renewals Full call number Barcode Date last seen Date last checked out Cost, replacement price Bill Date Koha item type Original Barcode
          Smt. Bakul Tambat Institute of Nursing Education Smt. Bakul Tambat Institute of Nursing Education 30/03/2017 Samutkarsh 895.00 1435 2 13 7 F 610.73 CLE B08617 BTIN-BK-8617 24/01/2025 21/08/2024 653.35 30/03/2017 Books B08617
          Smt. Bakul Tambat Institute of Nursing Education Smt. Bakul Tambat Institute of Nursing Education 30/03/2017 Samutkarsh 895.00 1435 2 20 4 F 610.73 CLE B08618 BTIN-BK-8618 09/05/2025 08/05/2025 653.35 30/03/2017 Books B08618
          Smt. Bakul Tambat Institute of Nursing Education Smt. Bakul Tambat Institute of Nursing Education 16/01/2018 Samutkarsh 895.00 1435   19 9 F 610.73 CLE B08752 BTIN-BK-8752 07/01/2025 04/01/2025 662.30 30/03/2017 Books B08752
          Smt. Bakul Tambat Institute of Nursing Education Smt. Bakul Tambat Institute of Nursing Education 16/01/2018 Samutkarsh 895.00 1435   20 4 F 610.73 CLE B08753 BTIN-BK-8753 01/07/2025 27/06/2025 662.30 30/03/2017 Books B08753
          Smt. Bakul Tambat Institute of Nursing Education Smt. Bakul Tambat Institute of Nursing Education 16/01/2018 Samutkarsh 895.00 1435   23 2 F 610.73 CLE B08754 BTIN-BK-8754 25/10/2024 15/10/2024 662.30 30/03/2017 Books B08754
          Smt. Bakul Tambat Institute of Nursing Education Smt. Bakul Tambat Institute of Nursing Education 16/01/2018 Samutkarsh 895.00 1435   17 5 F 610.73 CLE B08755 BTIN-BK-8755 22/11/2024 13/11/2024 662.30 30/03/2017 Books B08755